Solutions manual [for] statistics for business and economics eight edition/

Saved in:
Bibliographic Details
Main Author: ANDERSON, David R.
Format: Book
Language:English
Published: Thomson Learning, 2002.
Tags: Add Tag
No Tags, Be the first to tag this record!

MARC

LEADER 00000nam a22000007a 4500
008 210419b ||||| |||| 00| 0 eng d
020 |a 0-324-06675-9 
100 |a ANDERSON, David R. 
245 |a Solutions manual [for] statistics for business and economics eight edition/  |c David R. Anderson, Dennis J. Sweeney [and] Thomas A. Williams. 
260 |b Thomson Learning,  |c 2002.  |h Ohio  |i 662827   |l HF1017 .An2  |m Commercial statistics – Handbooks, manuals  |m Economics – Statistical methods – Handbooks, manuals 
942 |a lcc  |c BK  |e ADEKANYE, I. H.  |f 19/04/2021 
952 |0 0  |1 0  |2 ddc  |4 0  |6 HF_1017_000000000000000__AN2  |7 0  |9 2186  |a HOL  |b RF  |c GJ  |d 2021-04-19  |l 0  |o HF1017 .An2  |p 2021-6040  |r 2021-04-19 00:00:00  |w 2021-04-19  |y BK 
999 |c 1138  |d 1138